College Football Alternate Logos Quiz #2 - Statistics

General Stats
  • This quiz has been taken 778 times
  • The average score is 13 of 16
Answer Stats
Picture Answer % Correct
Wisconsin
97%
Arizona State
96%
Syracuse
96%
Florida
95%
Alabama
94%
Purdue
94%
Kansas
91%
Liberty
90%
Army
83%
UCF
81%
Oregon
79%
Wake Forest
68%
Akron
66%
Louisiana
63%
New Mexico
55%
Temple
48%
No matching quizzes found
Score Distribution
Percent of People with Each Score
Percentile by Number Answered
Your Score History
You have not taken this quiz